000 00541nam a2200217 a 4500
001 0001-2203
003 ELIB.Books
008 190803 2010 eng
020 _aKBTS
092 _a301.31
_bHin
100 _aHinrichs, Roger A.
245 _aEnergy
260 _aPhiladelphia
_bSaunders College Publishing
_c1992
300 _a540
_c23.5cm
650 _aEnvironment
856 _nKBTS Library
_uKBTS Elib
942 _2ddc
_cBK
990 _a1
998 _aEnglishbooks.elf
_ccat
_e2019-08-03
999 _c12203
_d12203